| 000 | 00502nam a22001817a 4500 | ||
|---|---|---|---|
| 003 | OSt | ||
| 005 | 20140310182800.0 | ||
| 008 | 130213t xxu||||| |||| 00| 0 eng d | ||
| 020 | _a0412498308 | ||
| 050 |
_aRT 120.E4 _b.Is7 1994 |
||
| 245 |
_aIssues in accident and emergency nursing / _cedited by Lynn Sbaih. |
||
| 260 |
_aLondon : _bChapman & Hall, _c1994. |
||
| 300 |
_a237 p. : _c23 cm. |
||
| 521 | _aNUR | ||
| 650 |
_aEmergency nursing _xCase studies. |
||
| 942 |
_2lcc _cBK _kFOR |
||
| 999 |
_c15963 _d15963 |
||